Venn Diagram - Countries - Statistics

General Stats
  • This quiz has been taken 391 times
  • The average score is 11 of 16
Answers on the Map
Answers color-coded by a green-red scale on the quiz's map according to % correct below.
 
Answer Stats
Answer % Correct
Japan
85%
United States
80%
Oman
78%
North Korea
77%
Kiribati
75%
Peru
74%
Spain
73%
United Kingdom
72%
Indonesia
70%
Nigeria
69%
South Africa
68%
Cuba
67%
Ireland
65%
Dominican Republic
63%
Philippines
61%
Paraguay
55%
No matching quizzes found
Score Distribution
Percent of People with Each Score
Percentile by Number Answered
Your Score History
You have not taken this quiz